Синтез и исследование продуктов взаимодействия тетраметилолгликолурила и эпихлоргидрина; Перспективы развития фундаментальных наук; Т. 2 : Химия
| Parent link: | Перспективы развития фундаментальных наук=Prospects of Fundamental Sciences Development: сборник научных трудов XV Международной конференции студентов, аспирантов и молодых ученых, г. Томск, 24-27 апреля 2018 г./ Национальный исследовательский Томский политехнический университет (ТПУ) ; под ред. И. А. Курзиной, Г. А. Вороновой.— , 2018 Т. 2 : Химия.— 2018.— [С. 282-284] |
|---|---|
| المؤلف الرئيسي: | |
| مؤلف مشترك: | |
| مؤلفون آخرون: | , |
| الملخص: | Заглавие с экрана A new polymer was synthesized by interaction between epichlorohydrin and tetramethylolglycoluril in the presence of trimethylamine. The process was carried out in excess of epichlorohydrin and white insoluble substance was precipitated. It was shown that repeating unit of polymer contains fragments of epichlorohydrin and tetramethylolglycoluril. This polymer was found to be soluble in water and DMSO but insoluble in other organic solvents. |
| اللغة: | الروسية |
| منشور في: |
2018
|
| الموضوعات: | |
| الوصول للمادة أونلاين: | http://earchive.tpu.ru/handle/11683/50794 |
| التنسيق: | MixedMaterials الكتروني فصل الكتاب |
| KOHA link: | https://koha.lib.tpu.ru/cgi-bin/koha/opac-detail.pl?biblionumber=627568 |
MARC
| LEADER | 00000naa2a2200000 4500 | ||
|---|---|---|---|
| 001 | 627568 | ||
| 005 | 20231101133452.0 | ||
| 035 | |a (RuTPU)RU\TPU\conf\27476 | ||
| 035 | |a RU\TPU\conf\27453 | ||
| 090 | |a 627568 | ||
| 100 | |a 20180913d2018 k y0rusy50 ca | ||
| 101 | 0 | |a rus |d eng | |
| 102 | |a RU | ||
| 105 | |a y z 100zy | ||
| 135 | |a drcn ---uucaa | ||
| 181 | 0 | |a i | |
| 182 | 0 | |a b | |
| 200 | 1 | |a Синтез и исследование продуктов взаимодействия тетраметилолгликолурила и эпихлоргидрина |d Synthesis and analysis of interaction products between tetramethylolglycoluril and epichlorohydrin |f К. В. Рубцов, А. А. Сорванов |g науч. рук. А. А. Бакибаев | |
| 203 | |a Текст |c электронный | ||
| 230 | |a 1 компьютерный файл (pdf; 343 Kb) | ||
| 300 | |a Заглавие с экрана | ||
| 320 | |a [Библиогр.: с. 284 (5 назв.)] | ||
| 330 | |a A new polymer was synthesized by interaction between epichlorohydrin and tetramethylolglycoluril in the presence of trimethylamine. The process was carried out in excess of epichlorohydrin and white insoluble substance was precipitated. It was shown that repeating unit of polymer contains fragments of epichlorohydrin and tetramethylolglycoluril. This polymer was found to be soluble in water and DMSO but insoluble in other organic solvents. | ||
| 461 | 1 | |0 (RuTPU)RU\TPU\conf\26928 |t Перспективы развития фундаментальных наук |l Prospects of Fundamental Sciences Development |o сборник научных трудов XV Международной конференции студентов, аспирантов и молодых ученых, г. Томск, 24-27 апреля 2018 г. |o в 7 т. |f Национальный исследовательский Томский политехнический университет (ТПУ) ; под ред. И. А. Курзиной, Г. А. Вороновой |d 2018 | |
| 463 | 1 | |0 (RuTPU)RU\TPU\conf\26930 |t Т. 2 : Химия |v [С. 282-284] |d 2018 | |
| 510 | 1 | |a Synthesis and analysis of interaction products between tetramethylolglycoluril and epichlorohydrin |z eng | |
| 610 | 1 | |a электронный ресурс | |
| 610 | 1 | |a синтез | |
| 610 | 1 | |a взаимодействие | |
| 610 | 1 | |a реакционная способность | |
| 610 | 1 | |a органические соединения | |
| 610 | 1 | |a полимерные продукты | |
| 700 | 1 | |a Рубцов |b К. В. | |
| 701 | 1 | |a Сорванов |b А. А. | |
| 702 | 1 | |a Бакибаев |b А. А. |4 727 | |
| 712 | 0 | 2 | |a Национальный исследовательский Томский государственный университет (ТГУ) |c (2009- ) |2 stltpush |3 (RuTPU)RU\TPU\col\17230 |
| 801 | 2 | |a RU |b 63413507 |c 20181005 |g RCR | |
| 856 | 4 | |u http://earchive.tpu.ru/handle/11683/50794 | |
| 942 | |c BK | ||